| 000 | 01539nam a2200277Ia 4500 | ||
|---|---|---|---|
| 999 |
_c51608 _d51608 |
||
| 001 | 18599 | ||
| 003 | GE_BSU | ||
| 005 | 20190920102419.0 | ||
| 008 | 181216s2015|||| |||||||||||||| ||geo|| | ||
| 020 | _a9789941460142 | ||
| 040 | _cGE_BSU | ||
| 041 | _ageo | ||
| 080 | _a629.113.01(038) ა-14 | ||
| 100 |
_aაბაშიძე, ინდიკო. _94156 |
||
| 245 |
_aავტომობილი ან-დან-ჰაე-მდე / _cინდიკო აბაშიძე ; არჩილ აბაშიძე ; რედ : ქეთევან გოლეთიანი. |
||
| 264 |
_aბათუმი : _bაჭარა, _c2015. |
||
| 300 |
_a271 გვ .: _c20 სმ. |
||
| 501 | _aწიგნი არის ავტომობილების კონსტრუქციებთან დაკავშირებული ტერმინოლოგიის,ტექნიკური მომსახურეობის საყოველთაო შეტყობინებების საცნობარო ლექსიკონი. | ||
| 504 | _aბიბლიოგრ.: გვ. 271-282 | ||
| 541 | _h20ლ. | ||
| 653 | _aავტომობილი ან-დან-ჰაე-მდე | ||
| 653 | _aტექნიკა,საინჟინრო საქმე. | ||
| 700 |
_aაბაშიძე , არჩილ _94157 |
||
| 700 |
_aგოლეთიანი , ქეთევან _eრედაქტორი _94158 |
||
| 942 |
_cBK _2udc |
||